000 00570cam a2200181 a 4500
020 _a9781111822569 (pbk.)
020 _a1111822565 (pbk.)
050 0 0 _aHB172
_b.H35 2013
100 1 _aHall, Robert Ernest,
_d1943-
245 1 0 _aMicroeconomics :
_bprinciples & applications /
_cRobert E. Hall, Marc Lieberman.
250 _a6th ed.
260 _aMason, OH :
_bSouth-Western Cengage Learning,
_cc2013.
300 _a1 v. (various pagings) :
500 _aIncludes index.
650 _xMacroeconomics ;
_xMicroeconomics.
700 1 _aLieberman, Marc.
942 _2lcc
_cGEN
999 _c8939
_d8939